Margarita, how beautiful the sea : (Record no. 19076)

MARC details
000 -LEADER
fixed length control field 01779cam a2200445 a 4500
001 - CONTROL NUMBER
control field sjds16582392
003 - CONTROL NUMBER IDENTIFIER
control field sjds
005 - DATE AND TIME OF LATEST TRANSACTION
control field 20171108141133.0
008 - FIXED-LENGTH DATA ELEMENTS--GENERAL INFORMATION
fixed length control field 101217s2008 ctu 000 1 eng c
010 ## - LIBRARY OF CONGRESS CONTROL NUMBER
LC control number 2001004097
020 ## - INTERNATIONAL STANDARD BOOK NUMBER
International Standard Book Number 9781931896412 (pbk. : alk. paper)
020 ## - INTERNATIONAL STANDARD BOOK NUMBER
International Standard Book Number 1931896410 (pbk. : alk. paper)
020 ## - INTERNATIONAL STANDARD BOOK NUMBER
International Standard Book Number 9781931896429 (hardcover : alk. paper)
020 ## - INTERNATIONAL STANDARD BOOK NUMBER
International Standard Book Number 1931896429 (hardcover : alk. paper)
035 ## - SYSTEM CONTROL NUMBER
System control number (OCoLC)ocm47272017
040 ## - CATALOGING SOURCE
Original cataloging agency DLC
Transcribing agency YUS
Modifying agency DLC
-- BAKER
-- BTCTA
-- YDXCP
-- C#P
-- JBU
-- DLC
041 1# - LANGUAGE CODE
Language code of text/sound track or separate title eng
Language code of original spa
042 ## - AUTHENTICATION CODE
Authentication code pcc
043 ## - GEOGRAPHIC AREA CODE
Geographic area code ncnq---
050 00 - LIBRARY OF CONGRESS CALL NUMBER
Classification number PQ7519.2.R25
Item number M3713 2008
082 00 - DEWEY DECIMAL CLASSIFICATION NUMBER
Classification number 863/.64
Edition number 23
100 1# - MAIN ENTRY--PERSONAL NAME
Personal name Ramírez, Sergio,
Dates associated with a name 1942-
240 10 - UNIFORM TITLE
Uniform title <a href="Margarita, está linda la mar.">Margarita, está linda la mar.</a>
Language of a work English
245 10 - TITLE STATEMENT
Title Margarita, how beautiful the sea :
Remainder of title a novel /
Statement of responsibility, etc. by Sergio Ramírez ; translated by Michael B. Miller.
250 ## - EDITION STATEMENT
Edition statement 1st English ed.
260 ## - PUBLICATION, DISTRIBUTION, ETC. (IMPRINT)
Place of publication, distribution, etc. Willimantic, CT :
Name of publisher, distributor, etc. Curbstone Press,
Date of publication, distribution, etc. 2008.
300 ## - PHYSICAL DESCRIPTION
Extent 314 p. ;
Dimensions 22 cm.
490 0# - SERIES STATEMENT
Series statement A Lannan translation selection
500 ## - GENERAL NOTE
General note "Winner of the Alfaguara Prize"--P. [4] of cover.
600 10 - SUBJECT ADDED ENTRY--PERSONAL NAME
Personal name Somoza Debayle, Luis,
Dates associated with a name 1922-1967
Form subdivision Fiction.
600 10 - SUBJECT ADDED ENTRY--PERSONAL NAME
Personal name Darío, Rubén,
Dates associated with a name 1867-1916
Form subdivision Fiction.
650 #0 - SUBJECT ADDED ENTRY--TOPICAL TERM
Topical term or geographic name as entry element Political fiction.
651 #0 - SUBJECT ADDED ENTRY--GEOGRAPHIC NAME
Geographic name Nicaragua
General subdivision History
Chronological subdivision 1838-1909
Form subdivision Fiction.
651 #0 - SUBJECT ADDED ENTRY--GEOGRAPHIC NAME
Geographic name Nicaragua
General subdivision History
Chronological subdivision 1937-1979
Form subdivision Fiction.
655 #7 - INDEX TERM--GENRE/FORM
Genre/form data or focus term Historical fiction.
Source of term gsafd
700 1# - ADDED ENTRY--PERSONAL NAME
Personal name Miller, Michael B.,
Dates associated with a name 1941-
776 08 - ADDITIONAL PHYSICAL FORM ENTRY
Relationship information Online version:
Main entry heading Ramírez, Sergio, 1942-
Uniform title Margarita, está linda la mar. English.
Title Margarita, how beautiful the sea.
Edition 1st English ed.
Place, publisher, and date of publication Willimantic, CT : Curbstone Press, 2008
Record control number (OCoLC)659148139
856 42 - ELECTRONIC LOCATION AND ACCESS
Materials specified Publisher description
Uniform Resource Identifier <a href="http://catdir.loc.gov/catdir/description/cons041/2001004097.html">http://catdir.loc.gov/catdir/description/cons041/2001004097.html</a>
942 ## - ADDED ENTRY ELEMENTS (KOHA)
Koha item type Libro/Book
Holdings
Withdrawn status Lost status Damaged status Not for loan Home library Current library Shelving location Date acquired Total Checkouts Full call number Date last seen Price effective from Koha item type
        San Juan Del Sur -- Biblioteca San Juan Del Sur -- Biblioteca English 08/11/2017   F Ram 08/11/2017 08/11/2017 Libro/Book

Powered by Koha